000
00295nam a22001217a 4500
008
180920b xxu||||| |||| 00| 0 eng d
041
_a
eng
080
_a
316
100
_a
50
101
_a
SOC
245
_a
IT aLL Depends A pragmatic Approach To Organization
_c
Sherman.H
942
_2
udc
_c
BK
999
_c
48134
_d
48134